Logique de la programmation : sur les ensembles électroniques /
Guardado en:
| Autor Principal: | |
|---|---|
| Otros Autores: | |
| Formato: | Libro |
| Idioma: | French German |
| Publicado: |
Paris :
Dunod,
1963.
|
| Etiquetas: |
Agregar Etiqueta
Sin Etiquetas, Sea el primero en etiquetar este registro!
|
| LEADER | 00684nam a22001695a 4500 | ||
|---|---|---|---|
| 001 | MAT.inmabb001268 | ||
| 008 | 031121s1963####fr############000#0#fre#d | ||
| 005 | 20170815130705.0 | ||
| 245 | 1 | 0 | |a Logique de la programmation : |b sur les ensembles électroniques / |c par le Prof. Dr. B. Thüring ; traduit par G. Vangrevelinghe. |
| 260 | |a Paris : |b Dunod, |c 1963. | ||
| 300 | |a ix, 234 p. ; |c 25 cm. | ||
| 500 | |a Traduction de l'ouvrage publié en langue allemande sous le titre Methoden der Programmierung, par Robert Göller Verlag, Baden-Baden. | ||
| 100 | 1 | |a Thüring, B. | |
| 700 | 1 | |a Vangrevelinghe, G. |4 trl | |
| 084 | |a 03-XX |2 msc2000 | ||
| 041 | 1 | |a fre |h ger | |
| 859 | |h 03 |i T536 |p A-1483 |b BIB. MATEMATICA | ||
